000
00310nam a2200145Ia 4500
100
_a
Shinskey/ F.G.
942
_c
BK
654
_a
Process control
245
_a
Process Control Systems
260
_b
Mc Graw Hill
_a
Singapore
_c
1988
082
_a
660.281
300
_a
525
546
_a
ENGLISH
999
_c
31488
_d
31488